| 000 | 00585nam a2200181Ia 4500 | ||
|---|---|---|---|
| 008 | 100917s9999 xx 000 0 und d | ||
| 082 | _b35789 | ||
| 100 | _aकालेलकर मधुसुदन | ||
| 245 | _aसागरा प्राण तळमळला | ||
| 260 |
_bमॅजेस्टिक बुक स्टॉल _c1978 |
||
| 300 | _a73 | ||
| 365 | _b7 | ||
| 520 | _aनाटक | ||
| 630 | _aसागरा प्राण तळमळला | ||
| 650 | _aनाटक | ||
| 730 | _aसागरा प्राण तळमळला | ||
| 942 | _cBOOK | ||
| 999 |
_c641183 _d641180 |
||